Máy công cụ CNC : Những vấn đề cơ bản về cấu trúc, chức năng, vận hành, lập trình khái thác nhóm máy phay và tiện CNC

Những vấn đề cơ bản của máy công cụ CNC đặc biệt nhóm máy phay và tiện: Lịch sử phát triển, đặc điểm về cấu trúc, lập trình, chức năng, vận hành v.v...

Đã lưu trong:
Sonraí Bibleagrafaíochta
Príomhúdar: Tạ, Duy Liêm
Formáid: Leabhar
Teanga:Undetermined
Foilsithe: Hà Nội Khoa học và Kỹ thuật 1999
Ábhair:
Clibeanna: Cuir Clib Leis
Gan Chlibeanna, Bí ar an gcéad duine leis an taifead seo a chlibeáil!
Thư viện lưu trữ: Trung tâm Học liệu Trường Đại học Cần Thơ
LEADER 00927nam a2200205Ia 4500
001 CTU_37590
008 210402s9999 xx 000 0 und d
082 |a 621.8 
082 |b L304 
100 |a Tạ, Duy Liêm 
245 0 |a Máy công cụ CNC : 
245 0 |b Những vấn đề cơ bản về cấu trúc, chức năng, vận hành, lập trình khái thác nhóm máy phay và tiện CNC 
245 0 |c Tạ Duy Liêm 
260 |a Hà Nội 
260 |b Khoa học và Kỹ thuật 
260 |c 1999 
520 |a Những vấn đề cơ bản của máy công cụ CNC đặc biệt nhóm máy phay và tiện: Lịch sử phát triển, đặc điểm về cấu trúc, lập trình, chức năng, vận hành v.v... 
650 |a Machine design 
904 |i Trọng Hải 
980 |a Trung tâm Học liệu Trường Đại học Cần Thơ